| 000 | 00720nam a2200193Ia 4500 | ||
|---|---|---|---|
| 008 | 0000001984 pr a 0000000000spa00 | ||
| 090 | _aPPR00 V24j1 | ||
| 100 | 1 |
_aVelázquez, Juan Ramón _d1950 |
|
| 245 | 1 | 0 | _aJuan Ramón Velazquez |
| 300 |
_a[4] p. _c/ 22 cm. |
||
| 500 | _aExposición realizada en la galería Botello, Hato Rey, 1984 \ Con el patronazgo de la empresa colombiana PLARESA | ||
| 600 | 0 | 0 |
_aVELAZQUEZ, JUAN RAMON, 1950/ _xTRABAJOS PICTORICOS |
| 650 | 1 | 4 | _aARTE CONTEMPORANEO PUERTORRIQUEÑO |
| 650 | 1 | 4 | _xCATALOGOS |
| 650 | 1 | 4 | _xEXPOSICIONES |
| 650 | 1 | 4 | _aPINTORES PUERTORRIQUEÑOS |
| 650 | 1 | 4 | _aPINTURA PUERTORRIQUEÑA |
| 999 |
_c7829 _d7829 |
||
| 260 |
_aHato Rey (Puerto Rico) : Galería Botello _c1984 |
||